000 00601nam a2200229Ia 4500
003 OSt
005 20250818183255.0
008 210423s2001 xx 000 0 und d
040 _cAL
041 _aEnglish
082 _a321.8
_bBHAW
100 _aVishnoo Bhagwan
_9101756
245 _aWorld constitutions
260 _aNew Delhi
_bSterling Publishers Private Limited
_c2001
300 _bPB
365 _b29
_cINR
650 _aDemocratic Systems
_9101757
650 _aPolitical Science
_9101758
700 _aBhushan, Vidya
_9236286
906 _aconstitutions ; World
942 _2ddc
_cBK
999 _c171798
_d171798